[Event "NAYCC U10"]
[Site "Toronto CAN"]
[Date "2013.08.16"]
[Round "4"]
[White "Brumund, Matthias"]
[Black "Liu, Bowser"]
[Result "1-0"]
[WhiteElo "916"]
[BlackElo "736"]
[PlyCount "63"]
[GameId "2160767909258794"]
[EventDate "2013.08.14"]
[EventType "swiss"]
[EventRounds "9"]
[EventCountry "CAN"]
[SourceTitle "hb 2013"]

1. e4 e5 2. Nf3 Nc6 3. Nc3 Nf6 4. Bb5 Bb4 5. Bxc6 Bxc3 6. bxc3 bxc6 7. Nxe5 d6 8. Nxc6 Qd7 9. Nd4 Nxe4 10. Qe2 Qe7 11. Nc6 Qh4 12. g3 Qg4 13. f3 Qd7 14. Qxe4+ Qe6 15. Qxe6+ Bxe6 16. O-O O-O 17. Ne7+ Kh8 18. Ba3 Bc4 19. d3 Rfe8 20. Rfe1 Bb5 21. c4 Bc6 22. Nxc6 Rxe1+ 23. Rxe1 h6 24. c5 dxc5 25. Bxc5 Rc8 26. Nxa7 Rb8 27. Re7 Kg8 28. Rxc7 Rb2 29. Rc8+ Kh7 30. c3 Rxa2 31. d4 Rxa7 32. Bxa7 1-0

[Event "NAYCC U10"]
[Site "Toronto CAN"]
[Date "2013.08.16"]
[Round "4"]
[White "Corvera Choi, Kemos"]
[Black "Wang, Frank2"]
[Result "1-0"]
[WhiteElo "1667"]
[BlackElo "1374"]
[PlyCount "83"]
[GameId "2160767909258795"]
[EventDate "2013.08.14"]
[EventType "swiss"]
[EventRounds "9"]
[EventCountry "CAN"]
[SourceTitle "hb 2013"]

1. e4 e5 2. Nf3 Nf6 3. d4 exd4 4. e5 Ng4 5. Qxd4 d6 6. Bf4 Nc6 7. Bb5 Qe7 8. O-O Bd7 9. Bxc6 Bxc6 10. exd6 Qd7 11. Re1+ Kd8 12. dxc7+ Kc8 13. Qxd7+ Bxd7 14. Nc3 Nf6 15. Ne5 Be6 16. Rad1 Bb4 17. a3 Ba5 18. b4 Bxc7 19. Nxf7 Bxf7 20. Bxc7 Kxc7 21. Re7+ Kc6 22. Rxf7 Rad8 23. g3 Rxd1+ 24. Nxd1 Rg8 25. Ne3 Nd7 26. Nf5 Ne5 27. Rxg7 Rxg7 28. Nxg7 Kb5 29. f4 Nf7 30. Kf2 Ka4 31. Ke3 Kxa3 32. c3 Ka4 33. Kd4 b6 34. Ne8 a5 35. Kc4 h5 36. h4 b5+ 37. Kc5 Nh6 38. Nd6 axb4 39. cxb4 Ng4 40. Nxb5 Nf6 41. Nd6 Nd7+ 42. Kc6 1-0

[Event "NAYCC U10"]
[Site "Toronto CAN"]
[Date "2013.08.16"]
[Round "4"]
[White "Demers, Alexis"]
[Black "Wong, Anthony G"]
[Result "0-1"]
[WhiteElo "1181"]
[BlackElo "1482"]
[PlyCount "92"]
[GameId "2160767909258796"]
[EventDate "2013.08.14"]
[EventType "swiss"]
[EventRounds "9"]
[EventCountry "CAN"]
[SourceTitle "EXT 2022"]
[Source "ChessBase"]
[SourceDate "2021.10.06"]
[SourceVersion "1"]
[SourceVersionDate "2021.10.06"]
[SourceQuality "1"]

1. d4 e6 2. c4 Nf6 3. Nc3 Bb4 4. e3 d6 5. Nge2 Nbd7 6. a3 Bxc3+ 7. Nxc3 b6 8. Be2 Bb7 9. O-O O-O 10. Bf3 Bxf3 11. Qxf3 Qe7 12. e4 e5 13. d5 h6 14. Qg3 Kh8 15. Re1 Rg8 16. b4 a6 17. Bb2 Rac8 18. b5 a5 19. Na4 Nh5 20. Qf3 Nf4 21. Bc1 Ng6 22. Qh3 Kh7 23. Re3 Nf6 24. Bd2 Nf4 25. Qf3 g5 26. Kh1 g4 27. Qd1 g3 28. Rxg3 Nxe4 29. Qc2 f5 30. Rxg8 Rxg8 31. Bxf4 exf4 32. f3 Qg7 33. Rg1 Ng5 34. Qxf5+ Kh8 35. Qg4 Qd4 36. h4 Ne4 37. Qe6 Ng3+ 38. Kh2 Qg7 39. Nc3 a4 40. Qg4 Qxc3 41. Qxf4 Qg7 42. Re1 Nh5 43. Qd2 Nf4 44. g3 Qxg3+ 45. Kh1 Qxh4+ 46. Qh2 Qxe1+ 0-1

[Event "NAYCC U10"]
[Site "Toronto CAN"]
[Date "2013.08.16"]
[Round "4"]
[White "Frutos, Cole N"]
[Black "Zhang, Henry"]
[Result "1-0"]
[WhiteElo "1721"]
[BlackElo "1414"]
[PlyCount "65"]
[GameId "2160767909258797"]
[EventDate "2013.08.14"]
[EventType "swiss"]
[EventRounds "9"]
[EventCountry "CAN"]
[SourceTitle "EXT 2022"]
[Source "ChessBase"]
[SourceDate "2021.10.06"]
[SourceVersion "1"]
[SourceVersionDate "2021.10.06"]
[SourceQuality "1"]

1. e4 c5 2. Nf3 d6 3. d4 cxd4 4. Nxd4 Nf6 5. Nc3 a6 6. Be2 Nbd7 7. Be3 g6 8. O-O Bg7 9. a4 O-O 10. Qd2 Nc5 11. Bf3 Bg4 12. Bxg4 Nxg4 13. Rad1 Qd7 14. b3 Rfd8 15. f3 Nxe3 16. Qxe3 Rac8 17. Nd5 e5 18. Ne2 Qe6 19. Rd2 Nd7 20. f4 Nf6 21. Nec3 Ng4 22. Qb6 exf4 23. Nxf4 Qe5 24. Ncd5 Rd7 25. h3 Nh6 26. Qb4 Rc5 27. Kh1 a5 28. Qb6 Qxe4 29. Re2 Qf5 30. Ne7+ Rxe7 31. Rxe7 Be5 32. Qd8+ Kg7 33. Ne6+ 1-0

[Event "NAYCC U10"]
[Site "Toronto CAN"]
[Date "2013.08.16"]
[Round "4"]
[White "Ju, Lawrence"]
[Black "Chan, Eric"]
[Result "0-1"]
[WhiteElo "1420"]
[BlackElo "1571"]
[PlyCount "52"]
[GameId "2160767909258799"]
[EventDate "2013.08.14"]
[EventType "swiss"]
[EventRounds "9"]
[EventCountry "CAN"]
[SourceTitle "hb 2013"]

1. d4 f5 2. c4 Nf6 3. Nc3 g6 4. Nf3 Bg7 5. Bf4 O-O 6. Qb3 Kh8 7. e3 d6 8. Rd1 h6 9. h4 c6 10. Be2 Nbd7 11. c5 d5 12. Be5 Nxe5 13. Nxe5 Qe8 14. f3 Nd7 15. Nd3 e5 16. Nf2 exd4 17. exd4 Nf6 18. Qc2 Nh5 19. Qd2 Ng3 20. Rh2 f4 21. b4 Qe7 22. Nd3 Bxd4 23. Nxf4 Rxf4 24. Qxf4 Bxc3+ 25. Kf2 Qxe2+ 26. Kxg3 Be5 0-1

[Event "NAYCC U10"]
[Site "Toronto CAN"]
[Date "2013.08.16"]
[Round "4"]
[White "Landa, Tamir"]
[Black "Zeng, Leo"]
[Result "1-0"]
[WhiteElo "833"]
[BlackElo "1002"]
[PlyCount "73"]
[GameId "2160767909258800"]
[EventDate "2013.08.14"]
[EventType "swiss"]
[EventRounds "9"]
[EventCountry "CAN"]
[SourceTitle "hb 2013"]

1. c4 e5 2. Nc3 Nf6 3. g3 Nc6 4. Bg2 g6 5. d3 Bg7 6. Nf3 d6 7. O-O Bg4 8. Bg5 Bxf3 9. Bxf3 O-O 10. Bg2 a6 11. Nd5 Ra7 12. Nxf6+ Bxf6 13. Bxf6 Qxf6 14. Qb3 Na5 15. Qc3 c5 16. Qxa5 Qf5 17. Qc3 b5 18. Be4 Qh3 19. b3 b4 20. Qd2 a5 21. a3 Raa8 22. axb4 Ra7 23. bxa5 f5 24. Bd5+ Kg7 25. b4 f4 26. bxc5 dxc5 27. Qc3 Rf5 28. Be6 g5 29. Bxf5 Qxf5 30. e4 Qh3 31. Qxe5+ Kh6 32. Qxc5 g4 33. gxf4 Rg7 34. Qd6+ Rg6 35. Qf8+ Rg7 36. f5 Qf3 37. f6 1-0

[Event "NAYCC U10"]
[Site "Toronto CAN"]
[Date "2013.08.16"]
[Round "4"]
[White "Levkov, Daniel"]
[Black "Huang, Qiuyu"]
[Result "0-1"]
[WhiteElo "1867"]
[BlackElo "1512"]
[PlyCount "106"]
[GameId "2160767909258801"]
[EventDate "2013.08.14"]
[EventType "swiss"]
[EventRounds "9"]
[EventCountry "CAN"]
[SourceTitle "hb 2013"]

1. e4 c5 2. Nf3 Nc6 3. d4 cxd4 4. Nxd4 g6 5. Nxc6 bxc6 6. Qd4 Nf6 7. Nc3 Bg7 8. e5 Nd5 9. Nxd5 cxd5 10. Qxd5 Rb8 11. Bc4 O-O 12. O-O Bb7 13. Qc5 Rc8 14. Qxa7 Qc7 15. Be2 Bxe5 16. h3 Bh2+ 17. Kh1 Bxg2+ 18. Kxg2 Qxa7 19. Kxh2 Rxc2 20. Be3 Qc7+ 21. Kg2 Rxe2 22. Rac1 Qb7+ 23. Kg1 f5 24. Bh6 Rc8 25. Rxc8+ Qxc8 26. Rc1 Rc2 27. Rb1 e5 28. a4 Qc5 29. Be3 Qb4 30. b3 f4 31. Ba7 Rc3 32. Kh2 Rxb3 33. Rxb3 Qxb3 34. a5 f3 35. Kg3 Qb4 36. Kxf3 Qxa5 37. Bb8 d5 38. Bxe5 Kf7 39. Ke3 Qc5+ 40. Bd4 Qd6 41. Kf3 Ke6 42. h4 Kf5 43. Be3 d4 44. Bd2 Qd5+ 45. Kg3 Qb3+ 46. f3 Qd3 47. Bf4 Qe2 48. h5 d3 49. hxg6 hxg6 50. Bh6 g5 51. f4 d2 52. Bxg5 d1=R 53. Bh4 Rg1+ 0-1

[Event "NAYCC U10"]
[Site "Toronto CAN"]
[Date "2013.08.16"]
[Round "4"]
[White "Lin, Benjamin1"]
[Black "Hua, Eugene"]
[Result "0-1"]
[WhiteElo "1500"]
[BlackElo "1775"]
[PlyCount "68"]
[GameId "2160767909258802"]
[EventDate "2013.08.14"]
[EventType "swiss"]
[EventRounds "9"]
[EventCountry "CAN"]
[SourceTitle "EXT 2022"]
[Source "ChessBase"]
[SourceDate "2021.10.06"]
[SourceVersion "1"]
[SourceVersionDate "2021.10.06"]
[SourceQuality "1"]

1. c4 e5 2. g3 Nc6 3. Bg2 g6 4. Nc3 Bg7 5. d3 f5 6. e3 Nf6 7. Nge2 O-O 8. O-O d6 9. Bd2 Ne7 10. d4 c6 11. Rb1 Be6 12. b3 Rc8 13. Qc2 Qe8 14. h4 h6 15. e4 fxe4 16. dxe5 dxe5 17. Nxe4 Nxe4 18. Bxe4 Nf5 19. Qc1 Kh7 20. Nc3 Qe7 21. Bg2 Nd4 22. Kh1 Qd7 23. Ne4 Bh3 24. Be3 Bxg2+ 25. Kxg2 b6 26. b4 Qg4 27. Nd2 Nf5 28. Nf3 e4 29. Nh2 Nxe3+ 30. Qxe3 Qe6 31. Rbc1 Rcd8 32. Rfe1 Bd4 33. Qxe4 Rxf2+ 34. Kg1 Re2+ 0-1

[Event "NAYCC U10"]
[Site "Toronto CAN"]
[Date "2013.08.16"]
[Round "4"]
[White "Low, Ethan"]
[Black "Guo, Thomas"]
[Result "0-1"]
[WhiteElo "1397"]
[BlackElo "1629"]
[PlyCount "102"]
[GameId "2160767909258803"]
[EventDate "2013.08.14"]
[EventType "swiss"]
[EventRounds "9"]
[EventCountry "CAN"]
[SourceTitle "hb 2013"]

1. e4 e6 2. d3 d5 3. Nd2 Nf6 4. Ngf3 b6 5. g3 Bb7 6. e5 Nfd7 7. Bg2 c5 8. O-O Nc6 9. Re1 Qc7 10. Qe2 Be7 11. a4 d4 12. c3 dxc3 13. bxc3 Na5 14. h4 Rd8 15. Ne4 Nb3 16. Bf4 Nxa1 17. Rxa1 Bc6 18. Nd6+ Bxd6 19. exd6 Qb7 20. d4 c4 21. Kh2 O-O 22. Bg5 Nf6 23. Bf4 Ne8 24. Ne1 Bxg2 25. Nxg2 Nxd6 26. Bxd6 Rxd6 27. Qxc4 Rc8 28. Qb4 Rdc6 29. Rc1 Qc7 30. Ne3 Rxc3 31. Rd1 a5 32. Qb2 Rc6 33. d5 Rd6 34. dxe6 fxe6 35. Rxd6 Qxd6 36. Kg2 Qc6+ 37. Kh2 Rf8 38. Qa2 Qd7 39. Kg2 Qf7 40. Qe2 Qb7+ 41. Kg1 Rc8 42. Kh2 Qe4 43. Qf1 Qxa4 44. Qa6 Qc6 45. Qf1 Qf3 46. Ng2 Rd8 47. Ne3 Rd2 48. Kg1 a4 49. h5 a3 50. h6 a2 51. hxg7 a1=Q 0-1

[Event "NAYCC U10"]
[Site "Toronto CAN"]
[Date "2013.08.16"]
[Round "4"]
[White "Ming, Wenyang"]
[Black "Pan, David"]
[Result "1-0"]
[WhiteElo "1815"]
[BlackElo "1663"]
[PlyCount "149"]
[GameId "2160767909258804"]
[EventDate "2013.08.14"]
[EventType "swiss"]
[EventRounds "9"]
[EventCountry "CAN"]
[SourceTitle "hb 2013"]

1. e4 c6 2. d3 d5 3. Nd2 dxe4 4. dxe4 Nf6 5. Ngf3 Bg4 6. Qe2 e6 7. g3 Be7 8. Bg2 O-O 9. O-O Nbd7 10. h3 Bh5 11. Rd1 Qc7 12. c4 Bxf3 13. Nxf3 Nc5 14. Bf4 Qc8 15. e5 Nfd7 16. b4 Na4 17. Qc2 Nab6 18. a3 a5 19. Rab1 axb4 20. axb4 c5 21. b5 Ra4 22. Nd2 g5 23. Be3 Nxe5 24. h4 gxh4 25. Bh6 Rd8 26. Qe4 Ng6 27. gxh4 Bxh4 28. Qxb7 Qxb7 29. Bxb7 Nxc4 30. Nxc4 Rxd1+ 31. Rxd1 Rxc4 32. Rb1 Bd8 33. Bd2 Bb6 34. Ra1 Ne5 35. Ra6 Rg4+ 36. Kf1 Nc4 37. Bc3 h5 38. Bf3 Rh4 39. Be2 Bc7 40. Rc6 Ba5 41. Bf6 Rf4 42. Rc8+ Kh7 43. Bd3+ Rf5 44. Bxf5+ exf5 45. Rxc5 Nb6 46. Bd8 Na4 47. Rc8 Nb6 48. Bxb6 Bxb6 49. Rc6 Bd4 50. b6 Be5 51. b7 Bb8 52. Rc8 Bf4 53. b8=Q Bxb8 54. Rxb8 Kg6 55. f4 Kh6 56. Kf2 Kg7 57. Kg3 f6 58. Kh4 Kh6 59. Rh8+ Kg7 60. Rxh5 Kg6 61. Rh8 Kg7 62. Ra8 Kh6 63. Ra6 Kg6 64. Rb6 Kf7 65. Kh5 Kg7 66. Rb7+ Kf8 67. Kg6 Ke8 68. Kxf6 Kd8 69. Ke6 Kc8 70. Rd7 Kb8 71. Kd6 Kc8 72. Kc6 Kb8 73. Rd8+ Ka7 74. Rc8 Ka6 75. Ra8# 1-0

[Event "NAYCC U10"]
[Site "Toronto CAN"]
[Date "2013.08.16"]
[Round "4"]
[White "Miranda-Radbord, Cameron"]
[Black "Luo, Jia Yu"]
[Result "1/2-1/2"]
[WhiteElo "709"]
[BlackElo "751"]
[PlyCount "34"]
[GameId "2160767909258805"]
[EventDate "2013.08.14"]
[EventType "swiss"]
[EventRounds "9"]
[EventCountry "CAN"]
[SourceTitle "hb 2013"]

1. e4 e5 2. Nf3 Nc6 3. Bc4 h6 4. d3 Nf6 5. Bd2 Bc5 6. Nc3 d6 7. O-O Bg4 8. h3 Bxf3 9. Qxf3 Nd4 10. Qd1 O-O 11. Be3 Qd7 12. Bxd4 Bxd4 13. Rb1 a6 14. Ne2 d5 15. Bb3 dxe4 16. dxe4 Nxe4 17. Re1 Nf6 1/2-1/2

[Event "NAYCC U10"]
[Site "Toronto CAN"]
[Date "2013.08.16"]
[Round "4"]
[White "Mocanu, Alexander"]
[Black "Ceastov, Denis"]
[Result "1-0"]
[WhiteElo "884"]
[BlackElo "248"]
[PlyCount "25"]
[GameId "2160767909258806"]
[EventDate "2013.08.14"]
[EventType "swiss"]
[EventRounds "9"]
[EventCountry "CAN"]
[SourceTitle "hb 2013"]

1. e4 e5 2. Nf3 Nc6 3. Nc3 Bc5 4. Bc4 d6 5. d3 Bg4 6. Be3 Bb4 7. O-O Bxf3 8. Qxf3 Nd4 9. Bxd4 exd4 10. Ne2 c5 11. c3 Ba5 12. cxd4 Rc8 13. Qxf7# 1-0

[Event "NAYCC U10"]
[Site "Toronto CAN"]
[Date "2013.08.16"]
[Round "4"]
[White "Niemann, Hans Moke"]
[Black "Yaskolko, Maxim"]
[Result "1-0"]
[WhiteElo "1835"]
[BlackElo "1741"]
[PlyCount "105"]
[GameId "2160767909258807"]
[EventDate "2013.08.14"]
[EventType "swiss"]
[EventRounds "9"]
[EventCountry "CAN"]
[SourceTitle "EXT 2022"]
[Source "ChessBase"]
[SourceDate "2021.10.06"]
[SourceVersion "1"]
[SourceVersionDate "2021.10.06"]
[SourceQuality "1"]

1. e4 c5 2. Nf3 d6 3. d4 cxd4 4. Nxd4 Nf6 5. Nc3 g6 6. Be3 Bg7 7. f3 O-O 8. Qd2 Nc6 9. O-O-O d5 10. Nxc6 bxc6 11. exd5 Nxd5 12. Nxd5 cxd5 13. Qxd5 Qc7 14. Qc5 Qb7 15. Bd4 Bf5 16. Qb5 Rfc8 17. c3 Bh6+ 18. Rd2 Bxd2+ 19. Kxd2 Qxb5 20. Bxb5 Rab8 21. c4 Rd8 22. Ke3 Rb7 23. g4 Be6 24. b3 f6 25. g5 Kf7 26. Kd3 Bd7 27. Ba6 Rc7 28. Kc3 Bc6 29. gxf6 exf6 30. b4 Rcd7 31. Rd1 Bxf3 32. Rd2 Bc6 33. c5 Re7 34. Bc4+ Bd5 35. Bxd5+ Rxd5 36. Kc4 Rdd7 37. c6 Rc7 38. b5 Re8 39. a4 Rb8 40. Rf2 Kf8 41. Rxf6+ Rf7 42. Rxf7+ Kxf7 43. Kc5 Ke6 44. c7 Rc8 45. Kc6 g5 46. Bxa7 h5 47. b6 Rf8 48. b7 Rf1 49. b8=Q Rc1+ 50. Bc5 Kf7 51. c8=R g4 52. Qf4+ Ke6 53. Re8# 1-0

[Event "NAYCC U10"]
[Site "Toronto CAN"]
[Date "2013.08.16"]
[Round "4"]
[White "Noritsyn, Sergey"]
[Black "Liu, Daniel1"]
[Result "1-0"]
[WhiteElo "2006"]
[BlackElo "1627"]
[PlyCount "75"]
[GameId "2160767909258808"]
[EventDate "2013.08.14"]
[EventType "swiss"]
[EventRounds "9"]
[EventCountry "CAN"]
[SourceTitle "EXT 2022"]
[Source "ChessBase"]
[SourceDate "2021.10.06"]
[SourceVersion "1"]
[SourceVersionDate "2021.10.06"]
[SourceQuality "1"]

1. e4 e5 2. Nf3 Nc6 3. d4 exd4 4. Nxd4 Nf6 5. Nc3 Bb4 6. Nxc6 bxc6 7. Bd3 O-O 8. O-O d6 9. h3 Re8 10. Re1 h6 11. f4 Bb7 12. Bd2 a6 13. a3 Bc5+ 14. Kh1 Bd4 15. Qf3 c5 16. Re2 Rb8 17. Rae1 Bc6 18. b3 Qd7 19. Nd5 Bb2 20. a4 Bb7 21. Rb1 Nxd5 22. exd5 Bf6 23. Rbe1 Rxe2 24. Rxe2 Re8 25. Be4 c4 26. Bf5 Qd8 27. bxc4 Bc8 28. Be4 Bd7 29. a5 Bd4 30. Bd3 Qf6 31. Rxe8+ Bxe8 32. Qg4 Bc3 33. Qc8 Kf8 34. Bxc3 Qxc3 35. Qxc7 Qf6 36. c5 Qxf4 37. Qxd6+ Qxd6 38. cxd6 1-0

[Event "NAYCC U10"]
[Site "Toronto CAN"]
[Date "2013.08.16"]
[Round "4"]
[White "Rajsic, William"]
[Black "Atanasov, David"]
[Result "1-0"]
[WhiteElo "1209"]
[BlackElo "1076"]
[PlyCount "39"]
[GameId "2160767909258809"]
[EventDate "2013.08.14"]
[EventType "swiss"]
[EventRounds "9"]
[EventCountry "CAN"]
[SourceTitle "hb 2013"]

1. Nf3 d5 2. g3 Nc6 3. Bg2 Nf6 4. O-O e6 5. d4 Bd6 6. Nc3 O-O 7. Bd2 Re8 8. Re1 b6 9. e4 dxe4 10. Nxe4 Nxe4 11. Rxe4 Bb7 12. Re3 Qf6 13. Bc3 Rad8 14. d5 Qe7 15. dxc6 Bc5 16. Rd3 Rxd3 17. Qxd3 Bxc6 18. Rd1 Bd6 19. Qd4 Bxf3 20. Qxg7# 1-0

[Event "NAYCC U10"]
[Site "Toronto CAN"]
[Date "2013.08.16"]
[Round "4"]
[White "Ruan, Colin"]
[Black "Feng, Richard"]
[Result "0-1"]
[WhiteElo "1186"]
[BlackElo "1534"]
[PlyCount "52"]
[GameId "2160767909258810"]
[EventDate "2013.08.14"]
[EventType "swiss"]
[EventRounds "9"]
[EventCountry "CAN"]
[SourceTitle "hb 2013"]

1. e4 c5 2. Nf3 d6 3. d3 Nf6 4. g3 g6 5. Bg2 Bg7 6. Nbd2 Nc6 7. O-O O-O 8. Re1 Qb6 9. Nf1 Ng4 10. h3 Nge5 11. Ne3 f5 12. Nxe5 Bxe5 13. Nc4 Qc7 14. a4 f4 15. Kh2 fxg3+ 16. fxg3 Bxg3+ 17. Kxg3 d5+ 18. e5 dxc4 19. Bxc6 Qxc6 20. Bh6 Rf5 21. dxc4 Be6 22. Rf1 Rh5 23. Bf4 Rxh3+ 24. Kf2 Rf8 25. Ke1 Qe4+ 26. Kd2 Rxf4 0-1

[Event "NAYCC U10"]
[Site "Toronto CAN"]
[Date "2013.08.16"]
[Round "4"]
[White "Sivapathasundaram, Manojh"]
[Black "Surya, Benito"]
[Result "1/2-1/2"]
[WhiteElo "1253"]
[BlackElo "1619"]
[PlyCount "41"]
[GameId "2160767909258811"]
[EventDate "2013.08.14"]
[EventType "swiss"]
[EventRounds "9"]
[EventCountry "CAN"]
[SourceTitle "hb 2013"]

1. e4 e5 2. Nf3 Nc6 3. d4 exd4 4. c3 d5 5. exd5 Qxd5 6. cxd4 Bg4 7. Nc3 Qe6+ 8. Be3 Bxf3 9. Qxf3 Nxd4 10. Qxb7 Rd8 11. Bb5+ c6 12. Bd3 Bc5 13. O-O Ne7 14. Bxd4 Bxd4 15. Rae1 Qd7 16. Qxd7+ Rxd7 17. Bf5 Rb7 18. Na4 Rb5 19. Bd3 Re5 20. Rxe5 Bxe5 21. b3 1/2-1/2

[Event "NAYCC U10"]
[Site "Toronto CAN"]
[Date "2013.08.16"]
[Round "4"]
[White "Talukdar, Rohan"]
[Black "Zheng, Ethan"]
[Result "1-0"]
[WhiteElo "1651"]
[BlackElo "1237"]
[PlyCount "51"]
[GameId "2160767909258812"]
[EventDate "2013.08.14"]
[EventType "swiss"]
[EventRounds "9"]
[EventCountry "CAN"]
[SourceTitle "EXT 2022"]
[Source "ChessBase"]
[SourceDate "2021.10.06"]
[SourceVersion "1"]
[SourceVersionDate "2021.10.06"]
[SourceQuality "1"]

1. d4 d5 2. c4 e6 3. Bf4 Nc6 4. e3 Nge7 5. Nc3 g6 6. cxd5 exd5 7. Nb5 Rb8 8. Bxc7 Qd7 9. Nd6+ Qxd6 10. Bxd6 Ra8 11. a3 Bg7 12. Bb5 Nf5 13. Bxc6+ bxc6 14. Bb4 Ba6 15. Rc1 Rc8 16. Qa4 Bb5 17. Qxa7 Rf8 18. g4 Bf6 19. gxf5 Rg8 20. fxg6 hxg6 21. Qb7 Rd8 22. Rxc6 Bxc6 23. Qxc6+ Rd7 24. Qxf6 g5 25. Qe5+ Kd8 26. Qb8# 1-0

[Event "NAYCC U10"]
[Site "Toronto CAN"]
[Date "2013.08.16"]
[Round "4"]
[White "Tang, Daniel"]
[Black "Hung, Justin"]
[Result "1-0"]
[WhiteElo "933"]
[BlackElo "1179"]
[PlyCount "95"]
[GameId "2160767909258813"]
[EventDate "2013.08.14"]
[EventType "swiss"]
[EventRounds "9"]
[EventCountry "CAN"]
[SourceTitle "hb 2013"]

1. d4 d5 2. c4 dxc4 3. e4 b5 4. Nc3 a6 5. a4 bxa4 6. Bxc4 Bb7 7. Nf3 Nd7 8. O-O e6 9. Nxa4 Bxe4 10. Qe2 Ngf6 11. Ng5 Bb7 12. Rd1 Bd6 13. Nc3 O-O 14. Bxa6 Bxa6 15. Rxa6 Qb8 16. Rxa8 Qxa8 17. Be3 Nd5 18. Qb5 Nxe3 19. fxe3 Qd8 20. Nf3 Nb6 21. Ra1 Qe7 22. Ne4 Ra8 23. Rxa8+ Nxa8 24. Qd3 f5 25. Nf2 Nb6 26. g3 g5 27. Qd2 g4 28. Ne1 Qg5 29. Ng2 h5 30. Qc3 Nd5 31. Qc4 Qh6 32. Nd1 Kf7 33. Kf2 Kf6 34. Nc3 Nxc3 35. bxc3 Qf8 36. Qb5 Kg5 37. c4 c5 38. Nf4 Qe7 39. d5 exd5 40. Nxd5 Qe4 41. Qc6 Qf3+ 42. Kg1 h4 43. Qxd6 hxg3 44. Qe7+ Kh6 45. Qf8+ Kg5 46. Qg7+ Kh5 47. Nf6+ Kh4 48. Qh6# 1-0

[Event "NAYCC U10"]
[Site "Toronto CAN"]
[Date "2013.08.16"]
[Round "4"]
[White "Wang, Andrew B"]
[Black "Mirabelli, Aidan"]
[Result "1-0"]
[WhiteElo "1745"]
[BlackElo "913"]
[PlyCount "38"]
[GameId "2160767909258815"]
[EventDate "2013.08.14"]
[EventType "swiss"]
[EventRounds "9"]
[EventCountry "CAN"]
[SourceTitle "EXT 2022"]
[Source "ChessBase"]
[SourceDate "2021.10.06"]
[SourceVersion "1"]
[SourceVersionDate "2021.10.06"]
[SourceQuality "1"]

1. e4 c5 2. Nc3 d6 3. f4 Nc6 4. Nf3 e6 5. Bb5 Bd7 6. d3 Nf6 7. O-O Be7 8. Qe1 O-O 9. Bxc6 Bxc6 10. Qg3 Nh5 11. Qh3 g6 12. g4 Nf6 13. Ng5 Qb6 14. Kh1 d5 15. e5 h5 16. exf6 Bxf6 17. gxh5 Bxc3 18. bxc3 c4 19. hxg6 fxg6 1-0

[Event "NAYCC U10"]
[Site "Toronto CAN"]
[Date "2013.08.16"]
[Round "4"]
[White "Xiong, Dylan"]
[Black "Ekzhanov, Sergey"]
[Result "1-0"]
[WhiteElo "727"]
[BlackElo "964"]
[PlyCount "65"]
[GameId "2160767909258816"]
[EventDate "2013.08.14"]
[EventType "swiss"]
[EventRounds "9"]
[EventCountry "CAN"]
[SourceTitle "hb 2013"]

1. d4 d5 2. e3 Nc6 3. Nf3 Nf6 4. Nbd2 Bf5 5. c3 e6 6. Nb3 Ne4 7. Bd3 Bd6 8. Nbd2 Nxf2 9. Kxf2 Bxd3 10. Re1 O-O 11. Kg1 Qf6 12. e4 dxe4 13. Nxe4 Bxe4 14. Rxe4 e5 15. dxe5 Nxe5 16. Ng5 Bc5+ 17. Kh1 Nd3 18. Qxd3 Rad8 19. Qe2 Qf2 20. Qxf2 Bxf2 21. Be3 f5 22. Re7 Rfe8 23. Rxe8+ Rxe8 24. Bxf2 h6 25. Nf3 Re2 26. Bxa7 Rxb2 27. h3 g5 28. a4 g4 29. hxg4 fxg4 30. Ne5 h5 31. Kh2 Rb3 32. c4 Re3 33. Bxe3 1-0

[Event "NAYCC U10"]
[Site "Toronto CAN"]
[Date "2013.08.16"]
[Round "4"]
[White "Yang, Kai Wen"]
[Black "Guo, Ryan"]
[Result "1/2-1/2"]
[WhiteElo "863"]
[BlackElo "1007"]
[PlyCount "73"]
[GameId "2160767909258817"]
[EventDate "2013.08.14"]
[EventType "swiss"]
[EventRounds "9"]
[EventCountry "CAN"]
[SourceTitle "hb 2013"]

1. e4 b6 2. d4 Bb7 3. Nc3 Nf6 4. e5 Ne4 5. Nxe4 Bxe4 6. f3 Bb7 7. Bc4 e6 8. Ne2 d5 9. exd6 Bxd6 10. Bf4 Bxf4 11. Nxf4 Nc6 12. c3 Ne7 13. O-O Nf5 14. Re1 O-O 15. Bxe6 Qd6 16. Bxf5 Qxf4 17. Be4 c6 18. Qd3 f5 19. g3 fxe4 20. Qxe4 Qxf3 21. Qxf3 Rxf3 22. Re7 Rf7 23. Rae1 Rxe7 24. Rxe7 Ba6 25. Re6 Bb7 26. Re7 Rb8 27. Kf2 Bc8 28. Rxa7 Bg4 29. Rc7 Rf8+ 30. Ke1 Rf6 31. Rb7 Re6+ 32. Kf1 Bh3+ 33. Kf2 b5 34. d5 Rf6+ 35. Ke3 cxd5 36. Rxb5 Rf5 37. a4 1/2-1/2

[Event "NAYCC U10"]
[Site "Toronto CAN"]
[Date "2013.08.16"]
[Round "4"]
[White "Yelamarti, Shanmukh"]
[Black "He, Oliver"]
[Result "0-1"]
[WhiteElo "393"]
[BlackElo "799"]
[PlyCount "36"]
[GameId "2160767909258818"]
[EventDate "2013.08.14"]
[EventType "swiss"]
[EventRounds "9"]
[EventCountry "CAN"]
[SourceTitle "hb 2013"]

1. e4 e5 2. Nf3 Nc6 3. Bc4 Bc5 4. O-O h6 5. d3 Nf6 6. Re1 O-O 7. Be3 Bxe3 8. Rxe3 Re8 9. Nh4 Nh7 10. Nf5 Nd4 11. Rg3 Nxf5 12. exf5 e4 13. Qh5 d5 14. Qxh6 Qf6 15. Qxf6 Nxf6 16. Bb5 c6 17. Ba4 exd3 18. cxd3 Re1# 0-1

[Event "NAYCC U10"]
[Site "Toronto CAN"]
[Date "2013.08.16"]
[Round "4"]
[White "Yong, Nathaniel"]
[Black "Ren, Gaven"]
[Result "1/2-1/2"]
[WhiteElo "1014"]
[BlackElo "716"]
[PlyCount "78"]
[GameId "2160767909258819"]
[EventDate "2013.08.14"]
[EventType "swiss"]
[EventRounds "9"]
[EventCountry "CAN"]
[SourceTitle "hb 2013"]

1. e4 c6 2. Nf3 d5 3. exd5 cxd5 4. d4 Nf6 5. Bb5+ Bd7 6. Bxd7+ Qxd7 7. O-O Nc6 8. Bf4 g6 9. Nc3 Bg7 10. Qd2 O-O 11. Rfe1 Rfe8 12. Bh6 Ng4 13. Bxg7 Kxg7 14. h3 Nf6 15. Ne5 Nxe5 16. dxe5 Ng8 17. Qxd5 Qxd5 18. Nxd5 Rac8 19. c3 e6 20. Ne3 f6 21. exf6+ Nxf6 22. f3 e5 23. Rad1 b5 24. Rd2 Rcd8 25. Red1 Rxd2 26. Rxd2 a5 27. Kf2 b4 28. cxb4 axb4 29. a3 bxa3 30. bxa3 Ra8 31. Ra2 e4 32. a4 exf3 33. gxf3 Ra5 34. Ke2 Nd7 35. Kd3 Nc5+ 36. Kc4 Rxa4+ 37. Rxa4 Nxa4 38. Nd5 Nb2+ 39. Kc3 Na4+ 1/2-1/2

[Event "NAYCC U10"]
[Site "Toronto CAN"]
[Date "2013.08.16"]
[Round "4"]
[White "Yu, Ryan"]
[Black "Klement, Ido"]
[Result "1-0"]
[WhiteElo "802"]
[BlackElo "1130"]
[PlyCount "73"]
[GameId "2160767909258820"]
[EventDate "2013.08.14"]
[EventType "swiss"]
[EventRounds "9"]
[EventCountry "CAN"]
[SourceTitle "hb 2013"]

1. e4 e5 2. Nf3 Nc6 3. Nc3 Nf6 4. d4 exd4 5. Nxd4 Nxd4 6. Qxd4 c5 7. Qd1 Be7 8. Bd3 d6 9. Bf4 O-O 10. Nd5 Be6 11. Nxe7+ Qxe7 12. Bg5 c4 13. Be2 h6 14. Bh4 Rad8 15. O-O d5 16. e5 g5 17. exf6 Qxf6 18. Bg3 Qg7 19. Re1 Qxb2 20. Bg4 Bxg4 21. Qxg4 Rde8 22. Bd6 Qc3 23. Red1 Re4 24. Qf3 Qa5 25. Bxf8 Kxf8 26. Qf5 b5 27. Qxd5 Re8 28. Qd6+ Kg8 29. Qd2 c3 30. Qd5 Qc7 31. Qd6 Qc8 32. Qd7 Qa8 33. Re1 Rd8 34. Qg4 Qd5 35. Rad1 f5 36. Rxd5 Rxd5 37. Qf3 1-0